00957nam a22001577a 450000500170000000800410001702000180005804000220007608200150009810000350011324500430014826000790019130000380027050503540030865001370066220220623185532.0220623b |||||||| |||| 00| 0 eng d a9781941789063 cBiblioteca Lado V a708bL228f aAcevedo-Yates, Carla (editora) aDavid Lamelas: Fiction of a Production aMichiganbEli and Edythe Broad Art Museum, Michigan State Universityc2018 a214 p.bil. (col)c21,5 x 15,5 cm tForewordrMarc-Olivier WahlertFiction of a ProductionrCarla Acevedo-YatestIndifference and biographical formsrJean-François ChevriertJust so: how David moved from object to spacerKristina NewhousetSelf-AwarnessrDavid Lamelas and Raúl EscaritExhibition checklisttSketchestSelected exhibition historiestFilmographytArtist´s Biography xarte contemporáneoxarte - exhibicionesxarte - instalacionesxarte - catálogo de exhibiciónxarte - ArgentinaxLamelas, David